000 00405nam a2200169Ia 4500
003 STCL
008 181203s9999 xx 000 0 und d
020 _a9788177584332
040 _aSTCL
_bEN
_cSTCL
082 _222
100 _aSykes, Peter
245 2 _aA Guidebook to Mechanism in Organic Chemistry
260 _bPearson
_aNew Delhi
_c2013
300 _a416
546 _aEnglish
942 _2ddc
_cBK
999 _c83127
_d83127